| 000 | 00564nam a2200193Ia 4500 | ||
|---|---|---|---|
| 005 | 20250508152358.0 | ||
| 008 | 008 250505s9999 xx 000 0 eng d | ||
| 037 | _aReference | ||
| 040 |
_aFEDL _beng _cFEDL |
||
| 041 |
_aeng _2eng |
||
| 084 |
_a635.03, KON _qFEDL |
||
| 100 |
_aKonynenburg J Van _9761324 |
||
| 245 | 0 | _aEncyclopaedia of garden pests and diseases | |
| 260 |
_aLondon, UK _bW. H. and L. Collingridge Ltd. _c1958 |
||
| 300 | _a214p. | ||
| 700 |
_a Lawfield W N _9761325 |
||
| 942 |
_cREF _h635.03, KON |
||
| 999 |
_c1336047 _d1336047 |
||